Polymer english grammar and composition for BA Students (Record no. 466105)
[ view plain ]
| 000 -LEADER | |
|---|---|
| fixed length control field | 00392 a2200145 4500 |
| 082 ## - DEWEY DECIMAL CLASSIFICATION NUMBER | |
| Classification number | 428 CHI |
| 090 ## - LOCALLY ASSIGNED LC-TYPE CALL NUMBER (OCLC); LOCAL CALL NUMBER (RLIN) | |
| -- | 39033 |
| -- | 39033 |
| 100 ## - MAIN ENTRY--PERSONAL NAME | |
| Personal name | Chishti, B. A. |
| 245 ## - TITLE STATEMENT | |
| Title | Polymer english grammar and composition for BA Students |
| Statement of responsibility, etc. | Khan RA ; Hamid S A. |
| 250 ## - EDITION STATEMENT | |
| Edition statement | rev ed |
| 260 ## - PUBLICATION, DISTRIBUTION, ETC. | |
| Place of publication, distribution, etc. | Lahore |
| Name of publisher, distributor, etc. | Polymer Pub |
| Date of publication, distribution, etc. | 1994 |
| 300 ## - PHYSICAL DESCRIPTION | |
| Extent | xvi,704 p. |
| 500 ## - GENERAL NOTE | |
| General note | CFT textbook |
| 942 ## - ADDED ENTRY ELEMENTS (KOHA) | |
| Institution code [OBSOLETE] | NUST-CAE |
| Call number prefix | 428 CHI |
| Withdrawn status | Lost status | Damaged status | Not for loan | Permanent Location | Current Location | Date acquired | Total Checkouts | Full call number | Barcode | Date last seen | Price effective from | Koha item type | Cost, replacement price |
|---|---|---|---|---|---|---|---|---|---|---|---|---|---|
| College of Aeronautical Engineering (CAE) | College of Aeronautical Engineering (CAE) | 03/30/2018 | 428 CHI | CAE73777 | 03/30/2018 | 03/30/2018 | Book | ||||||
| College of Aeronautical Engineering (CAE) | College of Aeronautical Engineering (CAE) | 03/30/2018 | 428 CHI | CAE69135 | 03/30/2018 | 03/30/2018 | Book | ||||||
| College of Aeronautical Engineering (CAE) | College of Aeronautical Engineering (CAE) | 03/30/2018 | 428 CHI | CAE73771 | 03/30/2018 | 03/30/2018 | Book | 21.00 | |||||
| College of Aeronautical Engineering (CAE) | College of Aeronautical Engineering (CAE) | 03/30/2018 | 428 CHI | CAE73772 | 03/30/2018 | 03/30/2018 | Book | ||||||
| College of Aeronautical Engineering (CAE) | College of Aeronautical Engineering (CAE) | 03/30/2018 | 428 CHI | CAE73783 | 03/30/2018 | 03/30/2018 | Book | ||||||
| College of Aeronautical Engineering (CAE) | College of Aeronautical Engineering (CAE) | 03/30/2018 | 428 CHI | CAE73789 | 03/30/2018 | 03/30/2018 | Book | 8.00 |
